Catálogo
 En Linea

Democracia es participar. (Registro nro. 25963)

Detalles MARC
000 -CABECERA
campo de control de longitud fija 00583nas a2200193 a 4500
001 - NÚMERO DE CONTROL
campo de control 000026471
003 - IDENTIFICADOR DEL NÚMERO DE CONTROL
campo de control DLC
005 - FECHA Y HORA DE LA ÚLTIMA TRANSACCIÓN
campo de control 20200930030236.0
008 - DATOS DE LONGITUD FIJA--INFORMACIÓN GENERAL
campo de control de longitud fija 110318c20099999dr tr1p 0 0spa d
040 ## - FUENTE DE LA CATALOGACIÓN
Centro catalogador/agencia de origen DO-SdBNP
Lengua de catalogación spa
043 ## - CÓDIGO DE ÁREA GEOGRÁFICA
Código de área geográfica nwdr---
222 #0 - TÍTULO CLAVE
Título clave Democracia es participar
245 00 - MENCIÓN DE TÍTULO
Título Democracia es participar.
260 ## - PUBLICACIÓN, DISTRIBUCIÓN, ETC.
Lugar de publicación, distribución, etc. Santo Domingo :
Nombre del editor, distribuidor, etc. Centro de Estudios Sociales Padre Juan Montalvo,
Fecha de publicación, distribución, etc. 2009.
300 ## - DESCRIPCIÓN FÍSICA
Extensión v. :
Otras características físicas il. ;
Dimensiones 28 cm.
310 ## - PERIODICIDAD ACTUAL
Periodicidad actual Cuatrimestral
362 0# - FECHAS DE PUBLICACIÓN Y/O DESIGNACIÓN SECUENCIAL
Fecha de publicación y/o designación secuencial No. 90/91 (sep/dic 2009)
500 ## - NOTA GENERAL
Nota general Catalogación realizada a partir del fascículo 90/91 2009

No hay ítems disponibles.

Con tecnología Koha